Продвинутые алгоритмы и структуры данных (Запись № 12924411)

Подробности
000 -МАРКЕР
контрольное поле 01705nam0a2200373 4500
001 - ИДЕНТИФИКАТОР ЗАПИСИ
контрольное поле RU\NLR\BIBL_A\022161869
005 - ИДЕНТИФИКАТОР ВЕРСИИ
контрольное поле 20240401132250.0
010 ## - МЕЖДУНАРОДНЫЙ СТАНДАРТНЫЙ НОМЕР КНИГИ (ISBN)
Номер (ISBN) 978-5-4461-1946-2
Тираж 700
021 ## - НОМЕР ГОСУДАРСТВЕННОЙ РЕГИСТРАЦИИ
Код страны Российская Федерация
Номер КН-П-24-005902
Номер Листа государственной регистраци КН-П-24-0613
035 ## - ДРУГИЕ СИСТЕМНЫЕ НОМЕРА
Идентификатор записи (NLR Aleph) 022161869
100 ## - ДАННЫЕ ОБЩЕЙ ОБРАБОТКИ
Данные общей обработки 20240311d2024 u y0rusy50 ca
101 1# - ЯЗЫК РЕСУРСА
Язык текста, звукозаписи и т.д. русский
Язык оригинала английский
102 ## - СТРАНА ПУБЛИКАЦИИ ИЛИ ПРОИЗВОДСТВА
Страна публикации Российская Федерация
105 ## - ПОЛЕ КОДИРОВАННЫХ ДАННЫХ: ТЕКСТОВЫЕ МАТЕРИАЛЫ, МОНОГРАФИЧЕСКИЕ
Кодированные данные о монографическом текстовом документе a z 000yy
181 #0 - ПОЛЕ КОДИРОВАННЫХ ДАННЫХ: ВИД СОДЕРЖАНИЯ
Код вида содержания (ISBD) i
Код характеристики содержания (ISBD) axxe
182 #0 - ПОЛЕ КОДИРОВАННЫХ ДАННЫХ: ТИП СРЕДСТВА
Код типа средства (ISBD) n - непосредственное
200 1# - ЗАГЛАВИЕ И СВЕДЕНИЯ ОБ ОТВЕТСТВЕННОСТИ
Основное заглавие Продвинутые алгоритмы и структуры данных
Первые сведения об ответственности Марчелло Ла Рокка
Последующие сведения об ответственности [предисловие Луиса Серрано
-- перевод с английского Л. Киселева]
203 ## - ВИД СОДЕРЖАНИЯ И ТИП СРЕДСТВА
Вид содержания Текст
Дополнительные сведения об издании визуальный
Тип средства непосредственный
210 ## - ПУБЛИКАЦИЯ, РАСПРОСТРАНЕНИЕ И ДР.
Место издания, распространения и т.д. Санкт-Петербург [и др.]
Имя издателя, распространителя и т. д. Питер
Дата издания, распространения и т.д. 2024 (печ. 2023)
215 ## - ФИЗИЧЕСКАЯ ХАРАКТЕРИСТИКА
Специфическое обозначение материала и объем 845 с.
Размеры 23
225 1# - СЕРИЯ
Основное заглавие серии Серия "Бибилиотека программиста"
300 ## - ОБЩИЕ ПРИМЕЧАНИЯ
Текст примечания Загл. и авт. ориг.: Advanced algorithms and data structures/ Marcello la Rocca
320 ## - ПРИМЕЧАНИЯ О НАЛИЧИИ В ДОКУМЕНТЕ БИБЛИОГРАФИИ / УКАЗАТЕЛЯ
Текст примечания Библиогр. в подстроч. примеч.
333 ## - ПРИМЕЧАНИЯ ОБ ОСОБЕННОСТЯХ РАСПРОСТРАНЕНИЯ И ИСПОЛЬЗОВАНИЯ
Текст примечания 16+
606 1# - НАИМЕНОВАНИЕ ТЕМЫ КАК ПРЕДМЕТ
Наименование темы Компьютеры
Тематический подзаголовок Структуры данных
Системный номер авторитетной/нормативной записи 2294649
Идентификатор авторитетной/нормативной записи RU\NLR\AUTH\661374080
606 1# - НАИМЕНОВАНИЕ ТЕМЫ КАК ПРЕДМЕТ
Наименование темы Программы (компьют.)
Тематический подзаголовок Алгоритмы
Системный номер авторитетной/нормативной записи 2211615
Идентификатор авторитетной/нормативной записи RU\NLR\AUTH\661328537
606 1# - НАИМЕНОВАНИЕ ТЕМЫ КАК ПРЕДМЕТ
Наименование темы Графы (мат.)
Тематический подзаголовок Задачи
-- Решение на компьютерах
Системный номер авторитетной/нормативной записи 2480390
Идентификатор авторитетной/нормативной записи RU\NLR\AUTH\661472494
686 1# - ИНДЕКСЫ ДРУГИХ КЛАССИФИКАЦИЙ
Индекс З973.2-018
700 #1 - ИМЯ ЛИЦА - ПЕРВИЧНАЯ ОТВЕТСТВЕННОСТЬ
Графика поля Кириллица
Материалы, к которым относится поле rus
Начальный элемент ввода Ла Рокка
Часть имени, кроме начального элемента ввода М.
Расширение инициалов личного имени Марчелло
Системный номер авторитетной/нормативной записи 266419
Идентификатор авторитетной/нормативной записи RU\NLR\AUTH\770266475
942 ## - ДОПОЛНИТЕЛЬНЫЕ ЭЛЕМЕНТЫ ЗАПИСИ (АБИС)
Тип экземпляра АБИС Книга
980 ## - КОЛЛЕКЦИЯ
Название коллекции Национальная библиография
Экземпляры
Тип экземпляра Дата поступления Источник поступления Стоимость Библиотека постоянного хранения Библиотека текущего хранения Место хранения Шифр хранения Штрих-код Статус экземпляра
Книга 11.03.2024 Обязательный экземпляр 0.00 РНБ (Московский) РНБ (Московский) Русский книжный фонд: издания с 1957 года 2024-7/1323 1-4485542  
Книга 11.03.2024 Обязательный экземпляр 0.00 РНБ (Московский) РНБ (Московский) Русский книжный фонд: издания с 1957 года 2024-7/1323 1-4485541  
Книга 21.03.2024   0.00 РНБ (Московский) РНБ (Московский) Зал технической, медицинской и естественнонаучной литературы   ERR-315047  
Книга 21.03.2024   0.00 РНБ (Садовая) РНБ (Садовая) Универсальный читальный зал   ERR-314996